000 00485cam a2200193ua 4500
001 8779
008 160220n II |||gr||||Z||||||hin
040 _aMAIN
041 _aEnglish
082 _a891.43 PRA
100 _aPRASAD , RAJENDRA .
245 _aGANDHIJI KI DEN (HINDI)
260 _aNEW DELHI:
_bPRABHAT PRAKASHAN.,
_c2009.
300 _a127.:
_c20CM.
500 _aFree Copy by Publisher
653 _aHindi Books
700 _aPRASAD , RAJENDRA .,
_eAuthor.
942 _cBK
999 _c8755
_d8755